| 000 | 00564nam a22001937a 4500 | ||
|---|---|---|---|
| 999 |
_c6702 _d6702 |
||
| 003 | OSt | ||
| 005 | 20200303122611.0 | ||
| 008 | 200303b ||||| |||| 00| 0 eng d | ||
| 040 | _cDLC | ||
| 082 |
_a572.2 _bCAL 1966 |
||
| 100 |
_aCalvert, Jack G. _913767 |
||
| 245 |
_aPhotochemistry / _cJack G. Calvert, James N.Pitts |
||
| 260 |
_aNew York _bJohn Wiley and sons _c1966 |
||
| 300 |
_axvii, 899p; _bill : _c20 cm. |
||
| 504 | _aIncludes bibliographical references and index | ||
| 650 | _2Photochemistry | ||
| 700 |
_aPitts, James N. _913768 |
||
| 942 |
_2ddc _cO_SHELF |
||